Länderformen in der Weltkarte #3 - Statistiken

Allgemein
  • Dieses Quiz wurde 127 mal gespielt
  • Das Durchschnittsergebnis liegt bei 16 aus 20
Antworten auf der Karte
Die Antworten werden auf der Karte rot bzw. grün angezeigt, abhängig davon wie oft sie richtig erraten wurden.
 
Antwortstatistiken
Land % Korrekt
Brasilien
100%
Norwegen
97%
Chile
95%
Italien
95%
Irland
94%
Portugal
94%
Saudi-Arabien
94%
Australien
92%
Türkei
90%
Madagaskar
89%
Weißrussland
89%
Kasachstan
84%
Tunesien
84%
Namibia
71%
Nepal
69%
Kambodscha
66%
Nicaragua
63%
Senegal
62%
Tansania
60%
Kamerun
57%
Keine übereinstimmenden Quizze gefunden
Verteilung der Resultate
Anzahl Personen mit jedem Resultat
Perzentil nach korrekt beantworteten Fragen
Ihre Resultats-Entwicklung
Sie haben dieses Quiz noch nicht gespielt